00513 2200181 4500001002100000005001500021008004100036020001800077035001900095041000700114082001000121090001600131100002300147245008500170260004100255300002400296650001100320INLIS00000000001487220241224114828241224||||||||| | ||| |||| || |  a979-444-387-5 0010-1224014872 aid0 a531.5 a531.5 VAN g0 aVANCLEAVE , Janice00aGRAVITASI Berbagi Percobaan Menakjubkan Yang Dapat Dijadikan Proyek Pameran Sain aJakartabPustaka Utama Grafitic2007 avi,120hlm 17.5x25cm 0aFisika